| 000 | 00408nam a22001697a 4500 | ||
|---|---|---|---|
| 005 | 20260121114742.0 | ||
| 008 | 160701b xxu||||| |||| 00| 0 eng d | ||
| 020 | _a978-81-7754-124-3 | ||
| 041 | _aeng | ||
| 082 | _b20502 | ||
| 100 |
_aPRASAD KUMAR _93406 |
||
| 245 | _aGREEN HOUSE MANAGEMENT FOR HORTICULTURE CROPS | ||
| 260 |
_bagroprios _c2015 |
||
| 300 | _a486 | ||
| 650 | _aAgriculture | ||
| 942 | _cBK | ||
| 999 |
_c5088 _d5086 |
||